00314nam a2200121Ia 4500008004100000041000800041082001400049100001900063245004500082260002800127300003000155365000700185240624s9999 xx 000 0 und d aeng a658.8 SIN aSINGH YOGENDRA aINTERNATIONAL BUSINESS AND MARKETING MAN c2004aDelhibA.I.T.B.S. aix, : 345 : p. : cm. ; 25 cRS